LEADER 01193nam a22002771i 4500 001 991001996079707536 005 20040115110534.0 008 040407s1986 it a||||||||||||||||ita 035 $ab12854979-39ule_inst 035 $aARCHE-083459$9ExL 040 $aDip.to Scienze Storiche$bita$cA.t.i. Arché s.c.r.l. Pandora Sicilia s.r.l. 082 04$a711.2094 100 1 $aCardia, Clara$034325 245 10$aProblemi e strategie della pianificazione territoriale in Europa :$bFrancia e Inghilterra a confronto /$cClara Cardia ; introduzione di Bernardo Secchi 260 $aMilano :$bF. Angeli,$c[1986] 300 $a176 p. :$bill. ;$c22 cm 440 0$aUrbanistica.$pRicerche 650 4$aPianificazione urbanistica$zFrancia$y1940-1970 650 4$aPianificazione urbanistica$zInghilterra$y1940-1970 700 1 $aSecchi, Bernardo 907 $a.b12854979$b02-04-14$c16-04-04 912 $a991001996079707536 945 $aLE009 GEOG.13-398$g1$i2009000314511$lle009$o-$pE0.00$q-$rl$s- $t0$u0$v0$w0$x0$y.i13414665$z16-04-04 996 $aProblemi e strategie della pianificazione territoriale in Europa$9301983 997 $aUNISALENTO 998 $ale009$b16-04-04$cm$da $e-$fita$git $h0$i1 LEADER 01872nas 2200517- 450 001 9910407760103321 005 20210715051024.3 011 $a1647-8622 035 $a(OCoLC)993088364 035 $a(CKB)111056647873232 035 $a(CONSER)--2021225961 035 $a(DE-599)ZDB3021829-9 035 $a(EXLCZ)99111056647873232 100 $a20151124a20019999 --- a 101 0 $apor 135 $aurun||||||||| 181 $ctxt$2rdacontent 182 $cc$2rdamedia 183 $acr$2rdacarrier 200 00$aEstudos do século XX 210 1$aCoimbra :$cCentro de Estudos Interdisciplinares do Século XX 215 $a1 online resource 300 $aEach issue also has a distinctive title. 300 $aRefereed/Peer-reviewed 311 08$a1645-3530 330 $a"É uma publicação temática, de periodicidade anual, com sistema de arbitragem científica que tem por finalidade dar a conhecer os resultados das investigações que se vão realizando sobre aspetos da sociedade contemporânea."--$cProvided by publisher. 517 3 $aEstudos do século 20 517 3 $aEstudos do século vinte 517 1 $aRevista estudos do século XX 606 $aHistory, Modern$y20th century$vPeriodicals 606 $aCivilization$vPeriodicals 606 $aCivilization$2fast$3(OCoLC)fst00862898 606 $aHistory, Modern$2fast$3(OCoLC)fst00958367 607 $aPortugal$xCivilization$y20th century$vPeriodicals 607 $aPortugal$2fast 608 $aPeriodicals.$2fast 615 0$aHistory, Modern 615 0$aCivilization 615 7$aCivilization. 615 7$aHistory, Modern. 676 $a946.904 712 02$aUniversidade de Coimbra.$bCentro de Estudos Interdisciplinares do Século XX, 906 $aJOURNAL 912 $a9910407760103321 996 $aEstudos do século XX$92580895 997 $aUNINA